000 00669nam a2200229Ia 4500
003 OSt
005 20240730142700.0
008 210716s2014 xx 000 0 und d
020 _a9788182747654
040 _cAIMIT LIBRARY
041 _aeng
082 _a374.22
_21
_bSEIM
100 _aSeifer, Marc.
_9174542
245 _aComplete book of handwriting analysis /
_cBy Marc Seifer.
250 _a1st ed.
260 _aNew Delhi :
_bThomson Press India Ltd ,
_c2014.
300 _a325p. ;
_bPB
_c24.2 cm
650 _aA history of graphology
_9174543
650 _aThe psychogram
_9174544
650 _aCriminal mind
_9174545
942 _2ddc
_cBK
_e1st
_k374.22 SEIM
999 _c208709
_d208709